Identification of cryptosporidium spp. oocysts in United Kingdom noncarbonated natural mineral waters and drinking waters by using a modified nested PCR-restriction fragment length polymorphism assay /

সংরক্ষণ করুন:
গ্রন্থ-পঞ্জীর বিবরন
প্রধান লেখক: Nichols, R. A. B.
অন্যান্য লেখক: Campbell, B. M., Smith, H. V.
বিন্যাস: প্রবন্ধ
ভাষা:English
বিষয়গুলি:
ট্যাগগুলো: ট্যাগ যুক্ত করুন
কোনো ট্যাগ নেই, প্রথমজন হিসাবে ট্যাগ করুন!
Thư viện lưu trữ: Thư viện Trường Đại học Đà Lạt
LEADER 00975nam a2200277 4500
001 DLU090092541
005 ##20091201
040 # # |a DLU  |b eng 
041 # # |a eng 
044 # # |a us 
100 # # |a Nichols, R. A. B. 
245 # # |a Identification of cryptosporidium spp. oocysts in United Kingdom noncarbonated natural mineral waters and drinking waters by using a modified nested PCR-restriction fragment length polymorphism assay /  |c R. A. B. Nichols, B. M. Campbell, H. V. Smith. 
653 # # |a Cryptosporidium  
653 # # |a Oocysts  
700 # # |a Campbell, B. M. 
700 # # |a Smith, H. V. 
773 # # |t Applied and Environmental Microbiology  |g Vol. 69, no. 7 (July 2003), p. 4183-4189 
920 # # |a Phòng Tạp chí -- Trung tâm Thông tin - Thư viện Trường Đại học Đà Lạt 
994 # # |a DLU 
900 # # |a True 
911 # # |a Trương Bảo Trâm Anh 
925 # # |a G 
926 # # |a A 
927 # # |a BB 
980 # # |a Thư viện Trường Đại học Đà Lạt